| 000 | 00587nam a22001817a 4500 | ||
|---|---|---|---|
| 005 | 20251108164354.0 | ||
| 008 | 250721s1988 xx 000 0 ara d | ||
| 082 | 1 | 4 | _a711.40956/عثم |
| 100 | 1 | _aعثمان، محمد عبد الستار | |
| 245 | 1 | 0 | _aالمدينة الإسلامية / |
| 264 | 1 |
_aالكويت : _bالمجلس الوطني للثقافه و الفنون و الأداب، _c1988. |
|
| 300 | _a415ص | ||
| 490 | 0 | _aعالم المعرفه | |
| 650 | 1 | 7 | _aتخطيط المدن |
| 650 | 1 | 7 | _aالبلدان العربية |
| 942 |
_2ddc _cBK |
||
| 999 |
_c10556 _d10556 |
||